21 lecciones para el siglo XXI

Guardat en:
Dades bibliogràfiques
Autor principal: Harari, Yuval Noah (autor)
Format: Llibre
Idioma:espanyol
Publicat: Barcelona, España Penguin Random House 2018
Matèries:
Etiquetes: Afegir etiqueta
Sense etiquetes, Sigues el primer a etiquetar aquest registre!

MARC

LEADER 00000cam a2200000 a 4500
001 UCC5896
003 CL-VaPUC
005 20230609094257.0
008 181109e20180000sp |||||||||||||||||spa|d
999 |c 373004  |d 373002 
020 |a 9789569545825 
040 |c Pontificia Universidad Católica de Valparaíso 
082 0 4 |a 909.83 HAR 2018  |2 21 
100 |a Harari, Yuval Noah  |e autor  |9 600382 
245 1 0 |a 21 lecciones para el siglo XXI 
260 |a Barcelona, España   |b Penguin Random House  |c 2018 
300 |a 398 páginas 
583 |a last modification  |c 20190514 02:50:38  |k Rodrigo Vera 
650 0 |a Civilización moderna   |9 265455 
650 0 |a Historia moderna  |9 268036 
650 0 |a Cambio social   |9 256857 
852 |a BIBHIS 
942 |c BK  |2 ddc 
945 |d 20181109 15:19:00  |a dcastane 
952 |0 0  |1 0  |3 erb  |4 0  |6 909_830000000000000_HAR_2018  |7 0  |8 A  |9 490915  |a BIBCUR  |b BIBCUR  |i 5512328  |l 6  |m 1  |o 909.83 HAR 2018  |p 5512328  |r 2025-04-22  |s 2024-05-02  |w 2019-11-24  |y BK  |z Catalogado en:20181109  |k PER 
952 |0 0  |1 0  |3 erb  |4 0  |6 909_830000000000000_HAR_2018  |7 0  |8 A  |9 490916  |a BIBHIS  |b BIBHIS  |d 2019-05-08  |e 11  |g 13501.00  |i 5549159  |l 1  |m 2  |o 909.83 HAR 2018  |p 5549159  |r 2025-01-20  |s 2022-06-20  |v 13501.00  |w 2019-11-24  |y BK  |z Catalogado en:20190520  |k HIS